<?xml version="1.0" encoding="UTF-8"?>
<record
    xmlns:xsi="http://www.w3.org/2001/XMLSchema-instance"
    xsi:schemaLocation="http://www.loc.gov/MARC21/slim http://www.loc.gov/standards/marcxml/schema/MARC21slim.xsd"
    xmlns="http://www.loc.gov/MARC21/slim">

  <leader>00401nam a22001697a 4500</leader>
  <datafield tag="999" ind1=" " ind2=" ">
    <subfield code="c">5973</subfield>
    <subfield code="d">5971</subfield>
  </datafield>
  <controlfield tag="005">20210827143235.0</controlfield>
  <controlfield tag="008">190910b        xxu||||| |||| 00| 0 eng d</controlfield>
  <datafield tag="020" ind1=" " ind2=" ">
    <subfield code="a">978-93-85529-00-9</subfield>
  </datafield>
  <datafield tag="041" ind1=" " ind2=" ">
    <subfield code="a">eng</subfield>
  </datafield>
  <datafield tag="100" ind1=" " ind2=" ">
    <subfield code="a">MEHTA, R.M.</subfield>
    <subfield code="9">5068</subfield>
  </datafield>
  <datafield tag="245" ind1=" " ind2=" ">
    <subfield code="a">PHARMACEUTICS-I</subfield>
  </datafield>
  <datafield tag="250" ind1=" " ind2=" ">
    <subfield code="a">REV, 6th ed.</subfield>
  </datafield>
  <datafield tag="260" ind1=" " ind2=" ">
    <subfield code="a">DELHI</subfield>
    <subfield code="b">VALLABH PRAKASHAN</subfield>
    <subfield code="c">2015</subfield>
  </datafield>
  <datafield tag="300" ind1=" " ind2=" ">
    <subfield code="a">210</subfield>
  </datafield>
  <datafield tag="650" ind1=" " ind2=" ">
    <subfield code="a">PHARMACY</subfield>
    <subfield code="9">6791</subfield>
  </datafield>
  <datafield tag="942" ind1=" " ind2=" ">
    <subfield code="c">BK</subfield>
  </datafield>
  <datafield tag="952" ind1=" " ind2=" ">
    <subfield code="0">0</subfield>
    <subfield code="1">0</subfield>
    <subfield code="4">0</subfield>
    <subfield code="7">0</subfield>
    <subfield code="8">PHARMACY</subfield>
    <subfield code="a">JRU</subfield>
    <subfield code="b">JRU</subfield>
    <subfield code="c">Shelf - 23- B</subfield>
    <subfield code="d">2019-09-10</subfield>
    <subfield code="e">PURCHESS</subfield>
    <subfield code="g">210.00</subfield>
    <subfield code="l">20</subfield>
    <subfield code="m">4</subfield>
    <subfield code="o">615.1</subfield>
    <subfield code="p">23469</subfield>
    <subfield code="r">2025-01-24 15:16:56</subfield>
    <subfield code="s">2024-12-24</subfield>
    <subfield code="w">2019-09-10</subfield>
    <subfield code="y">BK</subfield>
  </datafield>
  <datafield tag="952" ind1=" " ind2=" ">
    <subfield code="0">0</subfield>
    <subfield code="1">0</subfield>
    <subfield code="4">0</subfield>
    <subfield code="7">0</subfield>
    <subfield code="8">PHARMACY</subfield>
    <subfield code="a">JRU</subfield>
    <subfield code="b">JRU</subfield>
    <subfield code="c">Shelf - 23- B</subfield>
    <subfield code="d">2019-09-10</subfield>
    <subfield code="e">PURCHESS</subfield>
    <subfield code="g">210.00</subfield>
    <subfield code="l">17</subfield>
    <subfield code="m">4</subfield>
    <subfield code="o">615.1</subfield>
    <subfield code="p">23470</subfield>
    <subfield code="r">2025-05-14 11:02:47</subfield>
    <subfield code="s">2025-01-07</subfield>
    <subfield code="w">2019-09-10</subfield>
    <subfield code="y">BK</subfield>
  </datafield>
  <datafield tag="952" ind1=" " ind2=" ">
    <subfield code="0">0</subfield>
    <subfield code="1">0</subfield>
    <subfield code="4">0</subfield>
    <subfield code="7">0</subfield>
    <subfield code="8">PHARMACY</subfield>
    <subfield code="a">JRU</subfield>
    <subfield code="b">JRU</subfield>
    <subfield code="c">Shelf - 23- B</subfield>
    <subfield code="d">2019-09-10</subfield>
    <subfield code="e">PURCHESS</subfield>
    <subfield code="g">210.00</subfield>
    <subfield code="l">16</subfield>
    <subfield code="m">6</subfield>
    <subfield code="o">615.1</subfield>
    <subfield code="p">23471</subfield>
    <subfield code="r">2024-09-24 13:30:02</subfield>
    <subfield code="s">2024-09-05</subfield>
    <subfield code="w">2019-09-10</subfield>
    <subfield code="y">BK</subfield>
  </datafield>
  <datafield tag="952" ind1=" " ind2=" ">
    <subfield code="0">0</subfield>
    <subfield code="1">0</subfield>
    <subfield code="4">0</subfield>
    <subfield code="7">0</subfield>
    <subfield code="8">REF</subfield>
    <subfield code="a">JRU</subfield>
    <subfield code="b">JRU</subfield>
    <subfield code="c">SHELF 9 - C</subfield>
    <subfield code="d">2019-09-10</subfield>
    <subfield code="e">PURCHESS</subfield>
    <subfield code="g">210.00</subfield>
    <subfield code="l">2</subfield>
    <subfield code="o">615.1</subfield>
    <subfield code="p">23472</subfield>
    <subfield code="r">2021-12-27 00:00:00</subfield>
    <subfield code="s">2021-09-03</subfield>
    <subfield code="w">2019-09-10</subfield>
    <subfield code="y">BK</subfield>
  </datafield>
</record>
